Relectura de las cartas de San Pablo

Salvato in:
Dettagli Bibliografici
Autore principale: Garrido Goitia, Javier (Autore)
Natura: Libro
Lingua:spagnolo
Pubblicazione: Madrid Paulinas 1988
Edizione:2a. ed
Soggetti:
Tags: Aggiungi Tag
Nessun Tag, puoi essere il primo ad aggiungerne!!

MARC

LEADER 00000nam a2200000 a 4500
001 UCX4880
003 CL-VaPUC
008 920807e19880000SP |||||||||||||||||spa|d
082 0 4 |a 227.1  |b GAR  |2 21 
100 |a Garrido Goitia, Javier  |e author  |9 597752 
245 1 0 |a Relectura de las cartas de San Pablo 
250 |a 2a. ed 
300 |a 229 p 
942 |c BK 
945 |d 19920807 00:00:00 
260 |a Madrid  |b Paulinas  |c 1988 
600 0 |a Pablo de Tarso, Santo  |9 321163 
583 |a last modification  |c 19920807 00:00:00  |k Rodrigo Vera 
999 |c 225253  |d 225251 
952 |0 0  |1 0  |4 0  |6 227_100000000000000_GAR_1988  |7 0  |8 A  |9 222631  |a BIBTEO  |b BIBTEO  |d 2019-11-15  |i 2081830  |o 227.1 GAR 1988  |p 2081830  |r 2025-01-17  |w 2019-11-15  |y BK  |k ICR